Stations Future de la ligne 15 du métro Parisien - Statistiques

Statistiques générales
  • Ce quiz a été pris 45 fois
  • Le résultat moyen est 15 sur 36
Statistiques - réponses
Communes Nom de Station % Correct
Noisy-le-Grand, Champs-sur-Marne Noisy - Champs
64%
Puteaux La Défense
60%
Rosny-sous-Bois Rosny-Bois-Perrier
56%
Créteil Créteil - L'Échat
56%
Aubervilliers Mairie d'Aubervilliers
56%
Nanterre Nanterre La Folie
56%
Saint-Denis Saint-Denis Pleyel
56%
Villejuif Villejuif - Louis Aragon
56%
Bagneux Bagneux - Lucie Aubrac
52%
Bobigny Bobigny - Pablo Picasso
52%
Villejuif Villejuif - Gustave Roussy
52%
Cachan Arcueil - Cachan
48%
Bondy Bondy
48%
Châtillon, Montrouge Châtillon - Montrouge
48%
Bondy Pont de Bondy
48%
Vitry-sur-Seine Les Ardoines
44%
Nanterre Nanterre La Boule
44%
Fontenay-sous-Bois Val de Fontenay
44%
Asnières-sur-Seine,Gennevilliers Les Agnettes
40%
Saint-Cloud Saint-Cloud
40%
Bois-Colombes Bois-Colombes
36%
Maisons-Alfort,Alfortville Le Vert de Maisons
36%
Boulogne-Billancourt Pont de Sèvres
36%
Saint-Denis Stade de France
36%
Courbevoie, Bois-Colombes Bécon-les-Bruyères
32%
Aubervilliers Fort d'Aubervilliers
32%
Champigny-sur-Marne Champigny Centre
28%
Le Perreux-sur-Marne Nogent - Le Perreux
28%
Saint-Maur-des-Fossés Saint-Maur - Créteil
28%
Villiers-sur-Marne,Champigny-sur-Marne Bry-Villiers-Champigny
24%
Bobigny, Drancy Drancy - Bobigny
24%
Issy-les-Moulineaux Issy RER
24%
Issy-les-Moulineaux, Vanves, Clamart Fort d'Issy - Vanves - Clamart
20%
Vitry-sur-Seine Vitry - Centre
20%
Gennevilliers Les Grésillons
16%
Rueil-Malmaison Rueil - Suresnes Mont Valérien
16%
Aucun quiz correspondant
Distribution des résultats
% des personnes avec chaque résultat
Percentile par nombre de réponses
Votre historique - résultats
Vous n’avez pas pris ce quiz